00242 a2200109 450000100060000002000180000608200170002410000160004124500200005726000440007730000110012163835 a9799693513836 a891.4392 YOU aYounis Butt aMiss Fit [Urdu] aLahorebSang-e- Meel Publicationsc2005 a294 pp